000 01077nam a22003017a 4500
001 BR7705391
003 BR-BrBNA
005 20230928085436.0
007 ta
008 230509b bl.||||| |||| 00| 0 por d
040 _aBR-BrBNA
_bpor
_cBiblioteca Nacional de Agricultura
041 _a(Por)
072 _aD10; E15
_b/G514
090 _ D10 BR7705391
110 1 _aEmpresa de Assistencia Tecnica e Extensao Rural do Estado do Maranhao, Sao Luis (Brasil)
_94038
245 1 _aJustificativa para o aumento de despesa com imobilizacao tecnica [orcamento, Empresa de Assistencia Tecnica e Extensao Rural do Estado do Maranhao, Brasil]
260 3 _aSao Luis, MA (Brasil):
_c1977.
300 _a33 p.
500 _a(*) Documento disponível no(a) Empresa de Assistencia Tecnica e Extensao Rural do Estado do Maranhao, Sao Luis (Brazil)
650 _aADMINISTRACAO DE EMPRESA
650 _aINSTITUICAO AGRICOLA
650 _aORCAMENTO
650 _aDESPESA
650 _aINVESTIMENTO
650 _aMARANHAO
909 _a202309
_bLucia
_c55
_dLucia Elande
942 _cBK
999 _c24450
_d24450